Creative impact measure of cros - cultural managerial aspects

Kontrola manažmentu - teórie americkej a európskej školy. Koncept merania dopadov multikultúrnych manažérskych aspektov a ich hodnotenie. Hofstedeho kultúrne dimenzie.

Guardado en:
Detalles Bibliográficos
Autor principal: Janáková, Hana
Otros Autores: Magdolen, Ľuboš
Formato: Capítulo de libro
Lenguaje:inglés
Materias:
Etiquetas: Agregar Etiqueta
Sin Etiquetas, Sea el primero en etiquetar este registro!

MARC

LEADER 00000naa a2200000 4500
001 0206586
005 20221020084628.4
041 0 |a eng 
044 |a SK 
245 1 0 |a Creative impact measure of cros - cultural managerial aspects  |c Hana Janáková, Ľuboš Magdolen 
520 |a Kontrola manažmentu - teórie americkej a európskej školy. Koncept merania dopadov multikultúrnych manažérskych aspektov a ich hodnotenie. Hofstedeho kultúrne dimenzie. 
610 2 0 |a kultúra 
610 2 0 |a multikulturalizmus 
610 2 0 |a kontrola 
610 2 0 |a komunikácia 
610 2 0 |a meranie 
100 1 |a Janáková, Hana 
700 1 |a Magdolen, Ľuboš